Central Library OPAC University of Rajshahi

Japan and its others : (Record no. 69779)

MARC details
000 -LEADER
fixed length control field 00984nam a2200265 a 4500
001 - CONTROL NUMBER
control field 69779
003 - CONTROL NUMBER IDENTIFIER
rucl marc code BD-RjUL
005 - DATE AND TIME OF LATEST TRANSACTION
control field 20211209081926.0
008 - FIXED-LENGTH DATA ELEMENTS--GENERAL INFORMATION
fixed length control field 170413s2001 at b 001 0 eng d
020 ## - INTERNATIONAL STANDARD BOOK NUMBER
International Standard Book Number 1876843039
035 ## - SYSTEM CONTROL NUMBER
System control number (BD-RjUL)69991
040 ## - CATALOGING SOURCE
Original cataloging agency ANL
Language of cataloging eng
Transcribing agency DLC
Modifying agency ANL
-- DLC
-- BD-RjUL
041 ## - LANGUAGE CODE
Language code of text/sound track or separate title eng
082 00 - DEWEY DECIMAL CLASSIFICATION NUMBER
Edition number 23
Classification number 952.04
Author mark and year CLJ 2001
100 1# - MAIN ENTRY--PERSONAL NAME
Personal name Clammer, J. R.
9 (RLIN) 206680
245 10 - TITLE STATEMENT
Title Japan and its others :
Remainder of title globalization, difference and the critique of modernity /
Statement of responsibility, etc. John Clammer.
260 ## - PUBLICATION, DISTRIBUTION, ETC. (IMPRINT)
Place of publication, distribution, etc. Melbourne :
Name of publisher, distributor, etc. Trans Pacific Press ;
Place of publication, distribution, etc. Portland, Or. :
Name of publisher, distributor, etc. Distributed in North America by International Specialized Book Services,
Date of publication, distribution, etc. 2001.
300 ## - PHYSICAL DESCRIPTION
Pagination ix, 272 p. ;
Size 22 cm.
504 ## - BIBLIOGRAPHY, ETC. NOTE
Bibliography, etc Includes bibliographical references (p. 244-265) and index.
650 #0 - SUBJECT ADDED ENTRY--TOPICAL TERM
Topical term or geographic name as entry element National characteristics, Japanese.
9 (RLIN) 140524
651 #0 - SUBJECT ADDED ENTRY--GEOGRAPHIC NAME
Geographic name Japan
General subdivision Civilization
Chronological subdivision 1945-
9 (RLIN) 206682
830 ## - SERIES ADDED ENTRY--UNIFORM TITLE
Uniform title Japanese society series
942 ## - ADDED ENTRY ELEMENTS (KOHA)
Source of classification or shelving scheme Dewey Decimal Classification
Koha item type Books
Holdings
Lost status Source of classification or shelving scheme Damaged status Not for loan Collection code Permanent Location Current Location Shelving location Date acquired Source of acquisition Cost, normal purchase price Total Checkouts Full call number Date last seen Copy number Koha item type
  Dewey Decimal Classification   Not For Loan Non-fiction Central Library, University of Rajshahi Central Library, University of Rajshahi Reading Room 27/05/2004 Japan Foundation 0.00   952.04 CLJ 2001 13/04/2017 C-1 Books